| 000 | 01129nam0a2200337 4500 | ||
|---|---|---|---|
| 001 | RU\NLR\bibl\496347 | ||
| 005 | 20250623200553.0 | ||
| 010 |
_a5-94074-262-9 _93000 |
||
| 021 |
_aRU _b2003-74073 _93666 |
||
| 021 |
_aRU _b2004-33102 _91663 |
||
| 035 | _a(NLR Aleph) 000488972 | ||
| 090 |
_a1101347 _c1101347 |
||
| 100 | _a20030811d2004 |||y0rusy50 ca | ||
| 101 | 0 | _arus | |
| 102 | _aRU | ||
| 105 | _aa ||||||||| | ||
| 200 | 1 |
_aWindows XP для начинающих _fТимербулатов А. В. |
|
| 205 | _a2-е изд. стер. | ||
| 210 |
_aМ. _cДМК Пресс _aСПб. _cПитер _d2004 |
||
| 215 |
_a381 с. _cил. _d24 |
||
| 225 | 1 | _aБыстрее, выше, сильнее! | |
| 313 | _a1 изд.2003г | ||
| 320 | _aПредм. указ.: с. 379-381 | ||
| 606 | 0 |
_aMICROSOFT WINDOWS XP, операционная система _92234884 _3RU\NLR\auth\661341281 |
|
| 686 | _aЗ973.23-018.2 | ||
| 700 | 1 |
_aТимербулатов _bА. В. _gАйрат Вагизович _4070 |
|
| 801 | 0 |
_aRU _bNLR _c20040303 _gPSBO |
|
| 801 | 1 |
_aRU _bNLR _c20040303 |
|
| 942 | _cBOOK | ||
| 980 | _aNB | ||